Business Accounting (Record no. 6207)

MARC details
005 - DATE AND TIME OF LATEST TRANSACTION
control field 20250629044136.0
020 ## - INTERNATIONAL STANDARD BOOK NUMBER
International Standard Book Number 978-0-273-76779-4
082 ## - DEWEY DECIMAL CLASSIFICATION NUMBER
Classification number 657 WOO
100 ## - MAIN ENTRY--PERSONAL NAME
Author name WOOD, F
245 ## - TITLE STATEMENT
Title Business Accounting
250 ## - EDITION STATEMENT
Edition statement 12th Ed.
260 ## - PUBLICATION, DISTRIBUTION, ETC.
Place of publication, distribution, etc. London
Name of publisher, distributor, etc. Pearson
Date of publication, distribution, etc. 2012.
300 ## - PHYSICAL DESCRIPTION
Extent xxiii,825p.: ill.; figures
Other physical details Appendix, Index
Dimensions 24cm
700 ## - ADDED ENTRY--PERSONAL NAME
Other authors/Editors Alan Sangster
942 ## - ADDED ENTRY ELEMENTS (KOHA)
Source of classification or shelving scheme Dewey Decimal Classification
Koha item type Books
Holdings
Date last seen Total checkouts Full call number Barcode Cost, replacement price Price effective from Koha item type Lost status Source of classification or shelving scheme Damaged status Not for loan Withdrawn status Home library Current library Shelving location Date acquired Source of acquisition Cost, normal purchase price
06/29/2025   657 WOO MZA0002771 165000.00 06/29/2025 Books   Dewey Decimal Classification       CBE Mwanza CBE Mwanza Special Reserve Collection 06/17/2019 Library Budget 55000.00